Contemporary strategy analysis

Guardado en:
Detalles Bibliográficos
Autor principal: Grant, Robert M.
Formato: Libro
Lenguaje:inglés
Publicado: Malden Blackwell Publishing 2008
Edición:6. ed.
Materias:
Etiquetas: Agregar Etiqueta
Sin Etiquetas, Sea el primero en etiquetar este registro!

MARC

LEADER 00000nam$a2200000$$$4500
001 0064516
005 20240306135606.1
020 |a 978-1-4051-6309-5 
041 0 |a eng 
044 |a US 
245 1 0 |a Contemporary strategy analysis  |c Robert M. Grant 
250 |a 6. ed. 
264 1 |a Malden  |b Blackwell Publishing  |c 2008 
300 |a 482 s. 
610 2 0 |a podnikanie 
610 2 0 |a úspech pracovný 
610 2 0 |a štruktúra organizačná 
610 2 0 |a systémy riadenia 
610 2 0 |a výhody konkurenčné 
610 2 0 |a stratégia podniková 
610 2 0 |a analýzy 
610 2 0 |a priemysel 
610 2 0 |a inovácia 
610 2 0 |a podnik multinacionálny 
100 1 |a Grant, Robert M.